[Event "Vienna op-A"]
[Site "Vienna"]
[Date "2016.08.20"]
[Round "6"]
[White "Keymer, Vincent"]
[Black "Stanec, Nikolaus"]
[Result "1-0"]
[WhiteElo "2348"]
[BlackElo "2457"]
[Annotator "Baldauf,M"]
[PlyCount "85"]
[EventDate "2016.08.16"]
[EventType "swiss"]
[EventRounds "9"]
[EventCountry "AUT"]
[SourceTitle "CBM 173 Extra"]
[Source "ChessBase"]
[SourceDate "2016.08.29"]
[SourceVersion "1"]
[SourceVersionDate "2016.08.29"]
[SourceQuality "1"]

1. d4 d5 2. c4 e6 3. Nc3 Nf6 4. cxd5 exd5 5. Bg5 c6 6. Qc2 {mit dieser
Zugfolge verhindert Keymer das Short-Endspiel} ({das nach} 6. e3 Bf5 $5 7. Qf3
Bg6 8. Bxf6 Qxf6 9. Qxf6 gxf6 {entsteht und in dem Schwarz sich trotz seines
Doppelbauern auf der f-Linie gut behaupten kann.}) 6... Be7 7. e3 Nbd7 8. Bd3
O-O $6 {ist natürlich kein grober Fehler, die entstehenden Stellung sind für
Weiß jedoch eine gute Version des Damengambits} (8... h6 $1 9. Bh4 Nh5 {
dieser frühzeitige Abtausch wird zur Zeit von Topleuten bevorzugt} 10. Bxe7
Qxe7 11. Nge2 Nb6 12. O-O O-O 13. Rae1 Be6 14. Nc1 Rad8 15. Nb3 Rfe8 16. Nc5
Bc8 17. b4 Nc4 18. Qe2 Qg5 19. f4 Qh4 20. Bxc4 dxc4 21. g3 Nxg3 22. hxg3 Qxg3+
23. Kh1 Qh3+ 24. Qh2 Rxe3 25. Nd1 Rxe1 26. Qxh3 Bxh3 27. Rxe1 b6 28. Ne4 Rxd4
29. Kh2 Bf5 30. Ndc3 Rd3 31. b5 cxb5 32. Nxb5 Bd7 33. a4 a6 34. Nc7 Bxa4 35.
Nxa6 c3 36. Nb4 Rd4 37. Na2 Rd2+ {0-1 (37) Navara,D (2724)-Adams,M (2740) Biel
2015 CBM 168 [Krasenkow,M]}) 9. Nf3 Re8 10. O-O Nf8 ({sofortiges} 10... Ne4 $2
{scheitert an} 11. Bxe4 dxe4 12. Nxe4 $16 {[%cal Ge4g5]}) (10... h6 {mit der
Hoffnung in die oben analysierte Partie Yankelevich-Buhmann überzuleiten
trifft auf} 11. Bf4 $1 (11. Bh4 Ne4 12. Bxe7 Qxe7 13. Bxe4 dxe4 14. Nd2 Nf6 $11
{Yankelevich-Buhmann, Vienna Open 2016}) 11... Nh5 $140 $2 12. Nxd5 cxd5 13.
Bc7 $18) 11. Rab1 Nh5 $6 {so bekommt Weiß eine sehr angenehme Version des
Minoritätsangriff} (11... a5 12. a3 h6 13. Bh4 Ne4) (11... Ne4) 12. Bxe7 Qxe7
13. b4 Nf6 (13... a6 14. Ne5 $5 $14 {[%cal Gf2f4]} (14. Na4 {[%cal Ga4c5]}))
14. Rfc1 Be6 15. b5 $14 {Diagramm [#] Für Keymer ist die Eröffnung sehr glatt
gelaufen, Stanec muss sich nun zwischen mehreren unangenehmen Bauernstrukturen
entscheiden} c5 (15... Rec8 16. bxc6 Rxc6 17. Ne5 $14 {[%csl Ya7,Yb7,Yd5]}) 16.
dxc5 Qxc5 17. Na4 Qxc2 18. Rxc2 Rac8 19. Nc5 Re7 (19... b6 20. Na6 Rxc2 21.
Bxc2 $14 {[%cal Ga6b4,Gb4c6]}) 20. Rbc1 Rcc7 21. Nd4 g6 {alle weißen Figuren
stehen gut, sodass Keymer einen ruhigen Zug einstreut, der das Feld g4 unter
Kontrolle nimmt und Schwarz fragt, was er eigentlich zu tun gedenkt.} 22. h3 {
[%csl Gg4]} (22. f3 $5) 22... Ne8 23. a4 Nd6 24. a5 {[%cal Gb5b6]} Nd7 (24...
Nc4 25. Ncxe6 Nxe6 26. Nxe6 fxe6 27. Bxc4 Rxc4 28. Rxc4 dxc4 29. Rxc4 $16) (
24... h5 25. a6 $1 b6 (25... bxa6 26. Nc6 Re8 27. Nxa6 Rb7 28. Nc5 Rc7 29. Ra1
$16) 26. Na4 Rxc2 27. Rxc2 $16 {[%cal Gd4c6,Ga4b6] und der Bauer auf a6 ist
schwer aufzuhalten}) 25. Nxd7 Rcxd7 26. Rc5 Kf8 {Diagramm [#]} 27. g4 $1 {
verstärkt die Stellung am Königsflügel und nimmt vorsorglich das Feld f5 unter
Kontrolle. Zudem verhindert dieser Vorstoß die Konsolidierung der schwarzen
Bauern am Königsflügel, sodass der h7 in einem möglichen Turmendspiel immer
eine potentielle Schwäche sein wird.} Ne8 $2 (27... Ke8 {mit passiver
Verteidigung wäre zäher gewesen}) 28. Rc8 Rc7 29. R1xc7 Rxc7 30. Ra8 a6 (30...
b6 31. axb6 axb6 32. Rb8 $16) 31. bxa6 bxa6 32. Bxa6 Ke7 33. Kg2 $1 {erkennt,
das Schwarz keinerlei Drohungen hat und nimmt ein mögliches Schachgebot auf
der Grundreihe aus der Stellung} Rc5 34. Bd3 Nc7 35. Rb8 Bd7 (35... Rxa5 $2 36.
Nc6+ Kd7 37. Nxa5 $18) 36. a6 Ra5 37. Rb7 Kd6 38. Rb6+ (38. a7 $1 $18 {wäre
die saubere Lösung gewesen - Schwarz hat keinen Zug und Weiß wird langsam am
Königsflügel Fortschritte machen}) 38... Ke7 39. Nb3 Ra3 40. Be2 $6 (40. Nc5 $1
Bc8 41. Rc6 Kd8 42. g5 $18) 40... Bb5 (40... Bc8 $142 41. Nc5 Rc3 42. Nb7 d4
$132 {[%cal Gc7d5,Gd5f4]}) 41. Bxb5 Rxb3 42. a7 Ra3 43. Ra6 $1 {Diagramm [#]}
1-0

[Event "Vienna op-A"]
[Site "Vienna"]
[Date "2016.08.20"]
[Round "5"]
[White "Yankelevich, Lev"]
[Black "Buhmann, Rainer"]
[Result "0-1"]
[WhiteElo "2414"]
[BlackElo "2641"]
[Annotator "Baldauf,M"]
[PlyCount "64"]
[EventDate "2016.08.16"]
[EventType "swiss"]
[EventRounds "9"]
[EventCountry "AUT"]
[SourceTitle "CBM 173 Extra"]
[Source "ChessBase"]
[SourceDate "2016.08.29"]
[SourceVersion "1"]
[SourceVersionDate "2016.08.29"]
[SourceQuality "1"]

1. c4 e6 2. Nf3 d5 3. d4 Nf6 4. Nc3 c6 5. Bg5 Nbd7 6. cxd5 exd5 7. Qc2 h6 8.
Bh4 Be7 9. e3 O-O 10. Bd3 Re8 11. O-O Ne4 12. Bxe7 Qxe7 13. Bxe4 dxe4 14. Nd2
Nf6 {Schwarz hat die Eröffnung zufriedenstellend hinbekommen und vier Figuren
stehen zum Königsangriff bereit. Weiß hat neben dem Lehrbuchplan b4-b5 auch
eine schwarzfeldrige Strategie am Damenflügel zur Verfügung, deren Umsetzung
hier allerdings zu langsam erscheint.} 15. Rfc1 (15. Rab1 {[%cal Gb2b5]}) 15...
Bf5 16. Ne2 Nd5 17. Qc5 $2 Qg5 $1 {natürlich kein Damentausch, da die
schwarzen Trümpfe hier mit dem Mattangriff verknüpft sind.} 18. Nc4 Re6 19. Nd6
$2 {zu unvorsichtig - Verteidigung war bereits angesagt. Zwar ist der Springer
mit Hilfe der Dc5 auf d6 eingedrungen und übt nun Druck auf b7 und e4 aus, der
Angriff Buhmanns ist allerdings bereits zu kräftig.} (19. Kh1 $142 Bg4 $40)
19... Bg4 20. Ng3 {Diagramm [#]} h5 $1 {vertreibt den Sg3 von der g-Linie und
bindet den h-Bauern hervorragend in den Angriff mit ein.} 21. Ndxe4 Qg6 22. h3
$2 {gibt den Bauern bei weiterhin prekärer Königsstellung zurück} (22. Nc3 $2
Nxc3 23. Rxc3 h4 24. Nf1 Bh3 25. g3 Qe4 $19) (22. Nd2 $1 {ich nach
Bauerngewinn zurückzuziehen war die einzig noch spielbare Option, auch wenn
hier die Lage bereits düster aussieht.} h4 23. Ngf1 Bh3 24. g3 hxg3 25. Nxg3 f5
$40) 22... Bxh3 23. gxh3 Rxe4 24. Qc2 Rae8 25. Kh2 Qd6 {[%cal Gh5h4]} 26. Qc5
Qb8 27. Kg2 {nun bricht das Unheil auf der e-Linie ein} Nxe3+ $1 28. fxe3 Rxe3
29. Nh1 (29. Qg5 Rxg3+ 30. Qxg3 Re2+ 31. Kf3 Re3+ 32. Kxe3 Qxg3+ $19) 29...
Re2+ 30. Nf2 Rxf2+ 31. Kxf2 Qf4+ 32. Kg1 Re2 0-1

[Event "Yerevan op"]
[Site "Yerevan"]
[Date "1996.??.??"]
[Round "5"]
[White "Novikov, Igor A"]
[Black "Brodsky, Michail"]
[Result "1-0"]
[WhiteElo "2590"]
[BlackElo "2545"]
[Annotator "Belov,I"]
[PlyCount "43"]
[EventDate "1996.??.??"]
[EventType "swiss"]
[EventRounds "11"]
[EventCountry "ARM"]
[SourceTitle "CBM 052 Extra"]
[Source "ChessBase"]
[SourceDate "1996.07.01"]
[SourceVersion "1"]
[SourceVersionDate "1996.07.01"]
[SourceQuality "1"]

1. d4 Nf6 2. c4 e6 3. Nf3 d5 4. cxd5 exd5 5. Nc3 c6 6. Qc2 g6 7. Bg5 Be7 8. e4
Nxe4 (8... O-O 9. e5 Ne4 10. Bh6 Re8 11. Bd3 Nxc3 (11... Nd6 $142 12. O-O Nf5
13. Bf4 Ng7 $14) 12. bxc3 c5 13. h4 $16 {Kamsky,G-Shirov,A/Dortmund/1992/1:0/
30/}) (8... dxe4 9. Bxf6 Bxf6 10. Qxe4+ Kf8 (10... Qe7 11. Bc4 O-O (11... Be6
12. Bxe6 Qxe6 13. Qxe6+ fxe6 14. Ne4 Ke7 15. O-O-O Na6 16. h4 $14 {Lputian,
S-Dokhoian,Y/URS/1988/1:0/58/}) 12. Qxe7 (12. O-O Qb4 13. Bb3 Bf5 14. Qf4 Nd7
15. Rfe1 a5 16. Ne4 $5 Bxd4 $6 (16... a4 17. Ne5 Bxe5 18. dxe5 Kg7 19. g4 Be6
20. Bxe6 fxe6 21. Qg3 $13) 17. Nxd4 Qxd4 18. Rad1 Qxb2 19. g4 $16) 12... Bxe7
13. O-O Nd7 14. Rfe1 Bd8 15. h3 Kg7 16. Ne4 $14 {Malaniuk,V-Gorelov,S/Budapest
op/1989/}) 11. Bc4 Kg7 12. O-O (12. O-O-O $5) 12... Re8 13. Qf4 Be6 14. Bxe6
Rxe6 15. Rfe1 Qd6 $10 {Lautier,J-Oll,L/Moscow GMA/1989/0,5/46/}) 9. Bxe7 Kxe7
10. Nxe4 dxe4 11. Qxe4+ Kf8 {N/} (11... Be6 12. Bc4 Qa5+ 13. Kf1 $1 Qf5 14. Qe3
Nd7 15. Re1 Rae8 16. d5 $1 $36 {Karpov,A-Yusupov,A/URS-ch/1988/1:0/43/}) 12.
Bc4 Bf5 13. Qf4 Qe7+ 14. Kf1 $1 Kg7 15. Ng5 Rf8 (15... f6 16. Re1 Qd7 17. Ne6+
Bxe6 18. Bxe6 Qd8 19. h4 $16) 16. g4 h6 (16... Be6 17. Bxe6 fxe6 18. Qe5+ Kg8
19. Nxe6 Rf7 (19... Re8 20. Nc7 $18) 20. Re1 $16) (16... Bc8 17. Re1 Qd7 18.
Qe5+ Kg8 19. h4 $40) 17. h4 $1 (17. Nf3 Be6 $14) 17... Bxg4 (17... hxg5 18.
hxg5 Bc8 19. Re1 Qd8 20. Qe5+ f6 21. Qe7+ $18) 18. Re1 Qb4 (18... Be6 19. Bxe6
fxe6 20. Nxe6+ Qxe6 21. Qxf8+ Kxf8 22. Rxe6 $18) 19. b3 hxg5 (19... Bf5 20.
Qe5+ Kg8 (20... f6 21. Qe7+ Qxe7 22. Rxe7+ Kh8 23. Rh7#) 21. Nxf7 Rxf7 22. Qe8+
Qf8 23. Bxf7+ $18) 20. hxg5 Nd7 (20... Bf5 21. Qe5+ f6 22. Qe7+ Qxe7 23. Rxe7+
$18) 21. Qxg4 f5 $4 (21... Qd6 22. Re3 Rh8 23. Rxh8 Rxh8 24. Rf3 Rf8 25. Qh4
$36) 22. Rh7+ (22. Rh7+ Kxh7 23. Qh4+ Kg7 24. Qh6#) 1-0

[Event "BCF-ch"]
[Site "Dundee"]
[Date "1993.??.??"]
[Round "3"]
[White "Hodgson, Julian M"]
[Black "Murugan, Krishnamoorthy"]
[Result "1-0"]
[WhiteElo "2625"]
[BlackElo "2430"]
[Annotator "Bulletin"]
[PlyCount "79"]
[EventDate "1993.08.??"]
[EventType "swiss"]
[EventRounds "11"]
[EventCountry "SCO"]
[SourceTitle "CBM 038"]
[Source "ChessBase"]
[SourceDate "1994.02.01"]
[SourceVersion "1"]
[SourceVersionDate "1994.02.01"]
[SourceQuality "1"]

1. d4 d5 2. c4 e6 3. Nc3 Nf6 4. cxd5 exd5 5. Bg5 c6 6. e3 Be7 7. Bd3 O-O 8. Qc2
Nbd7 9. Nge2 Re8 10. O-O Nf8 11. Rab1 Ng4 $5 (11... a5 12. Rbe1 $5) 12. Bf4 $1
Bd6 13. b4 Bxf4 14. Nxf4 g5 $2 {xf5} 15. Nh5 Qd6 16. Ng3 Qh6 (16... h5 17. e4
$1 h4 18. e5 Qh6 19. Nf5 Bxf5 20. Bxf5 $18) 17. h3 Nf6 18. Nf5 Bxf5 19. Bxf5
$16 a6 20. a4 Ng6 (20... b5 21. Ne2 Ne4 22. Rfc1 (22. Bxe4 Rxe4 23. Rfc1 Re6
24. Ra1 Rc8 25. axb5 axb5 26. Ra6 $16) 22... Nd6 $1) 21. b5 axb5 22. axb5 Ne7
23. Rfc1 Nxf5 24. Qxf5 Qg6 25. Qc2 $1 (25. Qxg6+ $6 hxg6) 25... Re6 26. Ne2 Ne4
(26... Qxc2 27. Rxc2 $14) 27. bxc6 bxc6 28. Rb6 Rc8 29. Qa2 {/\ 30.Qa6 Rc7 31.
Rb8+} Kg7 (29... c5 30. Rxe6 Qxe6 31. dxc5 Rxc5 32. Rxc5 Nxc5 33. Qa8+ (33. Nc3
) 33... Kg7 34. Nd4 Qe5 35. g4 $1 $16 Ne6 36. Nf5+ Kg6 (36... Kf6 37. Qh8+) 37.
Qg8+ Ng7 38. h4 gxh4 39. f4 Qa1+ 40. Kh2 Qb2+ 41. Kh3) 30. Qa6 Rc7 31. Qa8 Qf5
32. Rf1 $1 Nf6 33. g4 $1 Qf3 34. Ng3 Re8 35. Rb8 Rce7 $1 {/\ 36...Rxe3} (35...
Rxb8 36. Qxb8 Rd7 37. Nf5+ Kg6 38. Qg8+) (35... Kf8 36. Rfb1 Rce7 37. Qa3) 36.
Nf5+ (36. Rxe8 Rxe8 37. Qxc6 $16) 36... Kg6 37. Nxe7+ Rxe7 38. Qxc6 Re6 39.
Qc2+ Kg7 $2 (39... Kh6 $1 40. Qf5 Qxh3 41. Rg8 Qxg4+ 42. Qxg4 Nxg4 $14) 40. Qf5
1-0

[Event "URS-ch U26"]
[Site "Tbilisi"]
[Date "1989.??.??"]
[Round "?"]
[White "Ruban, Vadim"]
[Black "Dreev, Alexey"]
[Result "0-1"]
[WhiteElo "2420"]
[BlackElo "2520"]
[Annotator "Bulletin"]
[PlyCount "160"]
[EventDate "1989.01.??"]
[EventType "tourn"]
[EventRounds "15"]
[EventCountry "URS"]
[EventCategory "9"]
[SourceTitle "CBM 012"]
[Source "ChessBase"]
[SourceDate "1989.10.01"]
[SourceVersion "1"]
[SourceVersionDate "1989.10.01"]
[SourceQuality "1"]

1. d4 d5 2. c4 c6 3. Nf3 Nf6 4. Nc3 e6 5. cxd5 exd5 6. Qc2 Be7 7. Bg5 g6 8. e4
dxe4 9. Bxf6 Bxf6 10. Qxe4+ Qe7 11. Bc4 O-O $1 (11... Be6 12. Bxe6 Qxe6 13.
Qxe6+ fxe6 14. Ne4 Ke7 15. O-O-O Na6 16. h4 $1 $14 {Lpuian,S-Dokhoian,Y/URS-OT
Blagoveschensk/1988/}) (11... Bg4 12. O-O Qxe4 13. Nxe4 Bxf3 14. Nxf6+ Ke7 15.
Ne4 $1 Bxe4 16. Rae1 Nd7 17. Rxe4+ Kf8 18. Rf4 f5 19. g4 $16 {Hjartarson,
J-Thorsteins,K/Akureyri/1988/ -> CBM8,S.53}) 12. O-O Qb4 $1 13. Bb3 Bf5 14. Qf4
Nd7 15. Rfe1 a5 $1 16. g4 Be6 17. Bxe6 fxe6 18. Qe3 Rae8 19. Ne4 Bg7 20. Rad1
Nb6 21. Ne5 Nd5 $15 22. Qa3 Rf4 23. h3 Qxa3 24. bxa3 Rxe4 25. Rxe4 Nc3 26. Rde1
Nxe4 27. Rxe4 a4 $1 28. Nd3 Kf7 29. Nc5 b5 30. Kf1 e5 $1 31. Nb7 Ke6 32. dxe5
Re7 33. Nd8+ Kd5 34. Re1 Bxe5 35. Rd1+ Kc5 36. Rc1+ Kd6 37. Rxc6+ (37. Rd1+ Kc7
{/\ 38...Bd6}) 37... Kd7 38. Rc5 Kxd8 39. Rxb5 Bd6 40. Rd5 Kc7 41. Rd4 Bc5 42.
Rxa4 Rf7 43. f4 Be3 44. f5 gxf5 45. gxf5 Rxf5+ 46. Kg2 h5 47. h4 Kc6 48. Re4
Bc5 49. a4 Bd6 50. Re6 Ra5 51. Rh6 Kd7 52. Kh3 Be7 53. Kg3 Ke8 54. Re6 Rxa4 55.
Re5 Rg4+ 56. Kf3 Rxh4 57. Kg3 Kf8 58. a4 Bf6 59. Rf5 Kg7 60. a5 Rg4+ 61. Kh3
Kg6 62. Rc5 Ra4 63. Kg3 Ra3+ 64. Kg2 h4 65. Kh2 Bg5 66. Rd5 Bf4+ 67. Kh1 Ra2 $1
(67... h3 $2 68. Rd1 $10) 68. Rb5 Bc7 69. Rc5 Bxa5 70. Rb5 Bc3 71. Rc5 Bf6 72.
Rb5 Bg5 73. Rc5 Kh5 74. Rc4 Bf6 75. Rb4 Rd2 76. Ra4 Kg5 77. Rb4 Be5 78. Rc4 Bf4
79. Rb4 Rd1+ 80. Kg2 Kg4 0-1

[Event "ROM-GER Kings"]
[Site "Medias"]
[Date "2015.11.02"]
[Round "4.2"]
[White "Lupulescu, Constantin"]
[Black "Fridman, Daniel"]
[Result "1/2-1/2"]
[WhiteElo "2626"]
[BlackElo "2649"]
[Annotator "Bulmaga,I"]
[PlyCount "80"]
[EventDate "2015.10.30"]
[EventType "schev"]
[EventRounds "5"]
[EventCountry "ROU"]
[SourceTitle "CBM 169"]
[Source "ChessBase"]
[SourceDate "2015.11.10"]
[SourceVersion "1"]
[SourceVersionDate "2015.11.10"]
[SourceQuality "1"]
[WhiteTeam "Romania"]
[BlackTeam "Germany"]
[WhiteTeamCountry "ROU"]
[BlackTeamCountry "GER"]
[TimeControl "40/5400+30:1800+30"]

1. c4 e6 2. Nc3 d5 3. d4 Nf6 4. cxd5 exd5 5. Bg5 c6 6. Qc2 h6 7. Bh4 Be6 8. e3
Nbd7 9. f3 $6 {[#]} (9. Bd3 g5 10. Bg3 Nh5) 9... c5 {Ein guter Zug, nach dem
Schwarz keine Probleme mehr zu haben scheint.} 10. Bd3 cxd4 11. exd4 Bd6 12.
Nge2 O-O 13. O-O Qc7 {[#]} 14. Bg3 (14. f4 $5 Bg4 15. h3 Bxe2 16. Qxe2 Bxf4 $6
(16... Qb6 17. Rad1 $13) 17. Qf3 $14) 14... Rac8 15. Bxd6 Qxd6 16. Qd2 Rc6 17.
b3 Nb6 18. Nb5 Qb8 19. Rac1 Rfc8 20. Rxc6 Rxc6 21. Rc1 Rxc1+ 22. Qxc1 Bd7 23.
Qf4 Qxf4 24. Nxf4 {Das Remis scheint nicht mehr weit zu sein. Das beinahe
symmetrische Endspiel bietet beiden Seiten wenig Möglichkeiten.} Bxb5 25. Bxb5
Nc8 26. Kf2 Kf8 27. h4 g5 28. hxg5 hxg5 29. Nh3 g4 30. Nf4 gxf3 31. gxf3 Ne7
32. Bd3 Ne8 33. Ke3 Nc7 34. Ne2 Kg7 35. Kf4 Kf6 36. Nc3 Ne6+ 37. Ke3 Nc7 38.
Kf4 Ne6+ 39. Ke3 Nc7 40. Kf4 Ne6+ 1/2-1/2

[Event "ROM-GER Kings"]
[Site "Medias"]
[Date "2015.10.30"]
[Round "1.1"]
[White "Parligras, Mircea Emilian"]
[Black "Fridman, Daniel"]
[Result "1/2-1/2"]
[WhiteElo "2586"]
[BlackElo "2649"]
[Annotator "Bulmaga/Rogozenco,D"]
[PlyCount "67"]
[EventDate "2015.10.30"]
[EventType "schev"]
[EventRounds "5"]
[EventCountry "ROU"]
[SourceTitle "CBM 169"]
[Source "ChessBase"]
[SourceDate "2015.11.10"]
[SourceVersion "1"]
[SourceVersionDate "2015.11.10"]
[SourceQuality "1"]
[WhiteTeam "Romania"]
[BlackTeam "Germany"]
[WhiteTeamCountry "ROU"]
[BlackTeamCountry "GER"]
[TimeControl "40/5400+30:1800+30"]

1. c4 e6 2. Nc3 d5 3. d4 Nf6 4. cxd5 exd5 5. Bg5 c6 6. Qc2 Be7 7. e3 Nbd7 8.
Bd3 Nh5 9. Bxe7 Qxe7 10. Nge2 g6 11. O-O O-O 12. Rae1 Nb6 13. Nc1 Ng7 14. f3
Bf5 $5 {[#]Wie GM Fridman nach der Partie erwähnte, tauchte diese Stellung
während seiner Vorbereitung kurz auf und er kannte die interessante Idee,
Weiß mit Bf5 zum Vorstoß e4 zu provozieren, wonach Schwarz den Läufer
wieder zurückzieht und das weiße Zentrum mit ...f5 angreift.} 15. e4 dxe4 16.
fxe4 Be6 {[#]} 17. e5 {Der prinzipiellste Zug. Weiß will die schwarzen Felder
unter seine Kontrolle bringen.} (17. Qf2 {Nach der Partie meinte Fridman,
diese Fortsetzung hätte ihm ein bisschen Sorgen bereitet.} f5 18. exf5 Nxf5
$13 {sieht jedoch gut für Schwarz aus.}) (17. Qd2 $5 {"Um die Dame nach h6 zu
bringen, war eine interessante Idee", meinte Fridman nach der Partie.} Nc4 18.
Qh6 Nxb2 19. Bc2 Nc4 {aber Schwarz hat ausreichend Verteidigungsressourcen und
einen Bauern mehr.}) 17... f5 $1 {"Die Pointe dieses Aufbaus", meinte Rustam
Kasimdzhanov. Ein guter Zug, der sich gegen die weiße Idee richtet, seinen
Springer auf c3 nach "f6" oder "d6" zu bringen.} 18. exf6 Rxf6 19. Rxf6 Qxf6
20. Nb3 Rf8 (20... Bxb3 21. Qxb3+ Kh8 $11) 21. Rf1 (21. Ne4 Qh4 22. g3 Qd8 $11)
21... Bxb3 {Führt zu zahlreichen Vereinfachungen und einer mehr oder weniger
ausgeglichenen Stellung.} (21... Qh4 22. Rxf8+ Kxf8 23. g3 Qf6 24. Ne4 $11) 22.
Rxf6 (22. Qxb3+ Qe6 23. Rxf8+ Kxf8 24. Qb4+ Qe7 25. Qxe7+ Kxe7 26. Kf2) 22...
Bxc2 23. Rxf8+ Kxf8 24. Bxc2 Ne6 25. Ne2 Nd5 26. Kf2 Ke7 27. h4 Kf6 28. Kf3 h5
29. g3 Ne7 30. Bb3 Kf5 31. Bc2+ Kf6 32. Bb3 Kf5 33. Bc2+ Kf6 34. Bb3 1/2-1/2

[Event "Nanjing FIDE GP (Women)"]
[Site "Nanjing"]
[Date "2009.09.28"]
[Round "1"]
[White "Shen, Yang"]
[Black "Sebag, Marie"]
[Result "1-0"]
[WhiteElo "2453"]
[BlackElo "2519"]
[Annotator "CB"]
[PlyCount "76"]
[EventDate "2009.09.28"]
[EventType "tourn"]
[EventRounds "11"]
[EventCountry "CHN"]
[EventCategory "8"]
[SourceTitle "CBM 132 Extra"]
[Source "ChessBase"]
[SourceDate "2009.11.03"]
[SourceVersion "1"]
[SourceVersionDate "2009.11.03"]
[SourceQuality "1"]

1. d4 d5 2. c4 c6 3. Nf3 Nf6 4. Nc3 e6 5. cxd5 exd5 6. Qc2 g6 7. Bg5 Be7 8. e4
dxe4 9. Bxf6 Bxf6 10. Qxe4+ Qe7 11. Bc4 Bf5 12. Qxe7+ Kxe7 13. O-O-O (13. O-O
Rd8 14. Rfe1+ Kf8 15. h3 Nd7 16. Bb3 (16. Rad1 h5 17. Bb3 Re8 $11) 16... Re8
17. g4 Bd3 18. Rad1 Rxe1+ 19. Nxe1 Ba6 {(Rustemov - Gurevich, Bundesliga 2000)}
) 13... Rd8 14. h3 (14. Rhe1+ Kf8 15. h3 h5 16. Ne4 Bxe4 17. Rxe4 Nd7 $11)
14... h5 (14... Nd7 $6 15. Rhe1+ Kf8 16. g4 Nb6 17. Bb3 Bc8 18. Ne4) 15. g4 (
15. Rde1+ Kf8 16. g4 hxg4 17. hxg4 Bxg4 18. Rh7 Bg7 19. Ne5 Rxd4 20. Bxf7 Nd7
21. Nxg6+ Kxf7 22. Re7+ $18 {(Brueckner - Zude, Bundesliga 1989)}) 15... Be6 (
15... hxg4 $2 16. hxg4 Bxg4 17. Rh7 Rf8 18. Re1+ Kd8 19. Ne5 Bf5 20. Ne4 Bxe4
21. Rxe4 Bxe5 22. dxe5 $18 {1-0 Etchechoury,G-Córdoba,H/XVI CChamp, ARG 1-0
Etchechoury,G-Córdoba,H/XVI CChamp, ARG}) (15... Bd7 16. gxh5 gxh5 17. Rhe1+
Kf8 18. Ne4 Bg7 19. Nfg5 Bh6 20. f4 Bf5 $5 21. Bxf7 Bxe4 22. Ne6+ Kxf7 23.
Nxd8+ Ke7 24. Rxe4+ Kxd8 25. d5 Na6 26. dxc6+ Kc7 27. cxb7 $18) 16. Rhe1 hxg4
17. hxg4 {Around this point Marie had already consumed al lot of time} Na6 (
17... Nd7 18. Bxe6 fxe6 19. Ne4 Bg7 20. Re2 Nf8 21. Rde1 b6 22. Kc2 a6 23. Neg5
Rd6 24. Kb1 Rad8 25. Ne4 Rd5 26. Rc2 Rc8 27. Nc3 Rdd8 28. Ne2 c5 29. Rec1 Rb8
30. dxc5 bxc5 31. b3 {1/2-1/2 Aristarch 4.40-Fritz 7/Internet 2002 (64)}) 18.
Bxe6 (18. d5 $5 {was tempting but allows black to come out better} Bxc3 $1 19.
dxe6 (19. bxc3 cxd5 20. Bxd5 Rac8) 19... Bxe1 20. Rxe1 f5 $1 $15) 18... fxe6
19. Ne4 $14 Nc7 $6 (19... Rh8 20. Rh1 Rxh1 21. Rxh1 Rh8 22. Rxh8 Bxh8 $14) 20.
Rh1 Rh8 21. g5 Bg7 22. Nh4 $1 Kf7 23. Nd6+ Kg8 24. Nxb7 {now black has four
pawn islands and they will soon start to fall} Rf8 25. Nxg6 Rxh1 26. Rxh1 Rxf2
27. Ne7+ Kf8 28. Nxc6 {in the ongoing blitz the position is lost for black} Nd5
29. Nc5 Nf4 30. Kb1 Kg8 31. a4 $16 a5 32. Re1 Rg2 33. Re4 e5 34. dxe5 $18 Ne2
35. Nd3 Kf8 36. Nxa5 Ke7 37. Nc6+ Ke6 38. Rxe2 Bf6 1-0